000 00617nam a2200241Ia 4500
003 OSt
005 20220924143951.0
006 a|||||r|||| 00| 0
007 ta
008 220923b |||||||| |||| 00| 0 urd d
020 _c05.12
024 _a311478
037 _cTextual
040 _aARTS
_cARTS
_burd
041 _2urd
_aurd
082 _aO168,1:gwL71, F8
100 _aShafeeq Lakshmi Narayan
_9216941
245 0 _aChamanistan-e-shora
260 _c1928
650 _aURDU POETRY
942 _hO168,1:gwL71, F8
_cTEXL
_2CC
999 _c455944
_d455944